| 000 | 01320cam a22002773a 4500 | ||
|---|---|---|---|
| 001 | 11027 | ||
| 003 | PGUSA | ||
| 005 | 20140828083231.0 | ||
| 008 | 040201s2004||||xxu|||||s|||||000 | eng d | ||
| 040 |
_aPGUSA _beng |
||
| 042 | _adc | ||
| 050 | 4 | _aPZ | |
| 100 | 1 |
_aGrimm, Jacob, _d1785-1863 |
|
| 245 | 1 | 0 |
_aGrimm's Fairy Stories _h[electronic resource] / _cJacob Grimm |
| 260 |
_bProject Gutenberg, _c2004 |
||
| 505 | 0 | _aThe goose-girl -- The little brother and sister -- Hansel and Grethel -- Oh, if I could but shiver! -- Dummling and the three feathers -- Little Snow White -- Catherine and Frederick -- The valiant little Tailor -- Little Red Cap -- The golden goose -- Bearskin -- Cinderella -- Faithful John -- The water of life -- Thumbling -- Briar Rose -- The six Swans -- Rapunzel -- Mother Holle -- The Frog Prince -- The travels of Tom Thumb -- Snow-White and Rose-Red -- The three little men in the wood -- Rumpelstiltskin -- Little One-Eye, Two-Eyes and Three-Eyes. | |
| 506 | _aPublic domain in the USA. | ||
| 516 | _aElectronic text | ||
| 653 | _aFairy tales -- Germany | ||
| 653 | _aFairy tales | ||
| 700 | 1 |
_aOwen, Robert Emmett, _d1878-1957 |
|
| 700 | 1 |
_aGruelle, Johnny, _d1880-1938 |
|
| 830 | 0 |
_aProject Gutenberg _v11027 |
|
| 856 | 4 | 0 | _uhttp://www.gutenberg.org/ebooks/11027 |
| 942 | _cEB | ||
| 999 |
_c240282 _d240282 |
||